000 00620cam a2200145 4500500
005 20260208005831.0
041 _afre
042 _adc
100 1 0 _aDahan, Jacques-Remi
_eauthor
245 0 0 _aCHARLES NODIER, Le Voleur. Texte établi et présenté par LUDOVICA CIRRINCIONE D’AMELIO. Paris, Champion, 2004. Un vol. 15,5 × 22,5 de 133 p.
260 _c2005.
500 _a77
786 0 _nRevue d'histoire littéraire de la France | 105 | 4 | 2005-10-01 | p. 1031a-1076a | 0035-2411
856 4 1 _uhttps://shs.cairn.info/revue-d-histoire-litteraire-de-la-france-2005-4-page-1031a?lang=fr&redirect-ssocas=7080
999 _c1654036
_d1654036